Loading...
Introductory psychology
| Main Authors: | , |
|---|---|
| Format: | Printed Book |
| Published: |
New York
Palgrave
2005
|
| Subjects: |
| LEADER | 00478nam a22001577a 4500 | ||
|---|---|---|---|
| 020 | |a 9780333668528 | ||
| 082 | |a 150 |b MAL/I | ||
| 100 | |a Malim, Tony | ||
| 100 | |a Birch, Ann | ||
| 245 | |a Introductory psychology | ||
| 260 | |a New York |b Palgrave |c 2005 | ||
| 300 | |a 922p. | ||
| 650 | |a Psychology | ||
| 942 | |c BK | ||
| 999 | |c 41977 |d 41977 | ||
| 952 | |0 0 |1 0 |4 0 |6 150_000000000000000_MALI |7 0 |8 Stack |9 45528 |a KUCL |b KUCL |c Stack |d 2016-09-30 |l 5 |m 3 |o 150 MAL/I |p 43360 |r 2020-10-14 |s 2020-09-18 |w 2016-09-30 |y BK | ||